书目信息 |
| 题名: |
传感器与自动检测
|
|
| 作者: | 常慧玲 主编 | |
| 分册: | ||
| 出版信息: | 北京 电子工业出版社 2017.01 |
|
| 页数: | 260页 | |
| 开本: | 26cm | |
| 丛书名: | ||
| 单 册: | ||
| 中图分类: | TP212 , TP274 | |
| 科图分类: | ||
| 主题词: | 传感器--高等职业教育--教材 , 自动检测--高等职业教育--教材 | |
| 电子资源: | ||
| ISBN: | 978-7-121-30169-8 | |
| 000 | 01047nam0 2200289 450 | |
| 001 | 0120162075657 | |
| 005 | 20170327083647.23 | |
| 010 | @a978-7-121-30169-8@dCNY39.00 | |
| 100 | @a20161226d2017 em y0chiy50 ea | |
| 101 | 0 | @achi |
| 102 | @aCN@b110000 | |
| 105 | @aak z 000yy | |
| 106 | @ar | |
| 200 | 1 | @a传感器与自动检测@9chuan gan qi yu zi dong jian ce@f常慧玲主编 |
| 205 | @a3版 | |
| 210 | @a北京@c电子工业出版社@d2017.01 | |
| 215 | @a260页@c图@d26cm | |
| 300 | @a全国高等职业教育应用型人才培养规划教材 | |
| 330 | @a本书主要介绍了工业、科研、生活等领域常用传感器的工作原理、基本结构、选型、安装使用、综合应用等方面的知识,对测量技术的基础知识、检测系统的信号处理和抗干扰技术等也作了介绍。同时增加了微型传感器、智能传感器、物联网、自动检测系统设计等新知识。 | |
| 333 | @a高职 | |
| 606 | 0 | @a传感器@x高等职业教育@j教材 |
| 606 | 0 | @a自动检测@x高等职业教育@j教材 |
| 690 | @aTP212@v5 | |
| 690 | @aTP274@v5 | |
| 701 | 0 | @a常慧玲@9chang hui ling@4主编 |
| 801 | 0 | @aCN@b人天书店@c20161226 |
| 905 | @b980666-69@dTP212@e48=3@f4 | |
| 传感器与自动检测/常慧玲主编.-3版.-北京:电子工业出版社,2017.01 |
| 260页:图;26cm |
| 全国高等职业教育应用型人才培养规划教材.-使用对象:高职 |
| ISBN 978-7-121-30169-8:CNY39.00 |
| 本书主要介绍了工业、科研、生活等领域常用传感器的工作原理、基本结构、选型、安装使用、综合应用等方面的知识,对测量技术的基础知识、检测系统的信号处理和抗干扰技术等也作了介绍。同时增加了微型传感器、智能传感器、物联网、自动检测系统设计等新知识。 |
| ● |
| 相关链接 |
|
|
|
|
正题名:传感器与自动检测
索取号:TP212/48=3
 
预约/预借
| 序号 | 登录号 | 条形码 | 馆藏地/架位号 | 状态 | 备注 |
| 1 | 980666 | 209806664 | 第二样本阅览室/ [索取号:TP212/48=3] | 在馆 | |
| 2 | 980667 | 209806673 | 密集书库-物理学院/ [索取号:TP212/48=3] | 在馆 | |
| 3 | 980668 | 209806682 | 第三借阅区/ [索取号:TP212/48=3] | 在馆 | |
| 4 | 980669 | 209806691 | 第三借阅区/ [索取号:TP212/48=3] | 在馆 |